Kidnapped: 45 days with militants in Kashmir (Record no. 380507)

000 -LEADER
fixed length control field 00408cam a22001337a 4500
008 - FIXED-LENGTH DATA ELEMENTS--GENERAL INFORMATION
fixed length control field 180718b1993 xxu||||| |||| 00| 0 eng d
082 ## - DEWEY DECIMAL CLASSIFICATION NUMBER
Classification number Q811 W139
100 ## - MAIN ENTRY--PERSONAL NAME
Personal name Wakhlu, Khem Lata
245 ## - TITLE STATEMENT
Title Kidnapped: 45 days with militants in Kashmir
Statement of responsibility, etc. by Khem Lata Wakhlu and O.N. Wakhlu
260 ## - PUBLICATION, DISTRIBUTION, ETC.
Place of publication, distribution, etc. Delhi
Name of publisher, distributor, etc. Konark
Date of publication, distribution, etc. 1993
300 ## - PHYSICAL DESCRIPTION
Extent 235p.
650 ## - SUBJECT ADDED ENTRY--TOPICAL TERM
Topical term or geographic name entry element Terrorism - India - Jammu and Kashmir
700 ## - ADDED ENTRY--PERSONAL NAME
Personal name Wakhlu, O.N.
Holdings
Withdrawn status Lost status Damaged status Not for loan Permanent Location Current Location Date acquired Full call number Barcode Date last seen Price effective from Koha item type
        Indian Institute of Public Administration Indian Institute of Public Administration 1997-01-08 Q811 W139 71628 2018-07-21 2018-07-21 Book

Powered by Koha